Le Maine-et-Loire en image - Statistiques

Statistiques générales
  • Ce quiz a été pris 121 fois
    73 depuis la dernière actualisation
  • Le résultat moyen est 9 sur 18
Statistiques - réponses
Par images Hint Réponse % Correct
Château Château d'Angers
97%
Fleuve Loire
94%
Entreprise Brioche Pasquier
92%
Région historique Anjou
88%
Vidéaste Amixem
83%
Stade Stade Raymond-Kopa
63%
Ville Cholet
61%
Liqueur cristalline parfumée à l’orange Cointreau
61%
Centre de formation Le Cadre noir de Saumur
61%
Jardin japonais Parc oriental du Maulévrier
56%
Pâtisserie à base de prunes Pâté aux prunes
45%
Homme politique Jean-Marc Ayrault
36%
Actrice/réalisatrice Fanny Ardant
34%
Musée Musée Jean-Lurçat
30%
Festival Festival de Trélazé
27%
Parc Parc Saint Nicolas
14%
Inventeur Ernest Bazin
2%
Jeu de rôle médiéval Kandorya
2%
Aucun quiz correspondant
Distribution des résultats
% des personnes avec chaque résultat
Percentile par nombre de réponses
Votre historique - résultats
Vous n’avez pas pris ce quiz depuis la dernière actualisation